| 000 | 00987mam a2200289 a 4500 | ||
|---|---|---|---|
| 001 | 1368350 | ||
| 003 | ARRUPE | ||
| 005 | 20150904115429.0 | ||
| 008 | 930122s1993 ilu b 000 0 eng | ||
| 010 | _a 93016218 | ||
| 020 | _a0810110547 (alk. paper) | ||
| 020 | _a0810110792 (pbk. : alk. paper) | ||
| 035 | _a(OCoLC)ocm27430165 | ||
| 040 |
_aDLC _cDLC |
||
| 050 | 0 | 0 |
_aB2430.D484 _bW67 1993 |
| 082 | 0 | 0 |
_a194 _220 |
| 245 | 0 | 0 |
_aWorking through Derrida / _cedited by Gary B. Madison. |
| 260 |
_aEvanston, Ill. : _bNorthwestern University Press, _c1993. |
||
| 300 |
_aix, 284 p. ; _c24 cm. |
||
| 490 | 1 | _aNorthwestern University studies in phenomenology and existential philosophy | |
| 504 | _aIncludes bibliographical references (p. 255-284). | ||
| 600 | 1 | 0 |
_aDerrida, Jacques. _919296 |
| 700 | 1 |
_aMadison, Gary Brent. _919297 |
|
| 830 | 0 |
_aNorthwestern University studies in phenomenology & existential philosophy. _919298 |
|
| 942 |
_2lcc _cMONOGRAPH |
||
| 999 |
_c123229 _d123229 |
||